| 000 | 00641nam a22002057a 4500 | ||
|---|---|---|---|
| 003 | 0 | ||
| 005 | 20230814124638.0 | ||
| 008 | 230814b xxu||||| |||| 00| 0 eng d | ||
| 020 | _a978-621-418-252-7 | ||
| 050 |
_aGN 479.65 _b.F56 2022 |
||
| 100 | _aFlorendo, Adelene Maghinay | ||
| 245 |
_aGender and society : we are all equal _cAdelene Maghinay Florendo |
||
| 260 |
_aQuezon City _bWiseman's Books Trading, Inc., _cc2022 |
||
| 300 |
_axii, 260 pages : _bill. ; _c23 cm. |
||
| 500 | _aMen and women. | ||
| 504 | _aIncludes bibliographical references. | ||
| 650 | _aMen and women. | ||
| 650 | _aGender equality. | ||
| 942 |
_2lcc _cBK |
||
| 999 |
_c365153 _d365153 |
||